Top 10 du PIB par habitant dans le monde en USD. - Statistiques

Statistiques générales
  • Ce quiz a été pris 55 fois
  • Le résultat moyen est 6 sur 10
Statistiques - réponses
Indice Réponse % Correct
69 375 $ Etats-Unis
94%
93 515 $ Suisse
77%
135 050 $ Luxembourg
65%
61 790 $ Qatar
62%
66 263 $ Singapour
60%
62 618 $ Australie
54%
82 244 $ Norvège
46%
67 919 $ Danemark
42%
102 390 $ Irlande
33%
68 483 $ Islande
31%
Aucun quiz correspondant
Distribution des résultats
% des personnes avec chaque résultat
Percentile par nombre de réponses
Votre historique - résultats
Vous n’avez pas pris ce quiz